| 000 | 02747cam a2200337 4500500 | ||
|---|---|---|---|
| 005 | 20260329011955.0 | ||
| 041 | _afre | ||
| 042 | _adc | ||
| 100 | 1 | 0 |
_aFaye, Papa Lamine _eauthor |
| 700 | 1 | 0 |
_aBa, Fatoumata _eauthor |
| 700 | 1 | 0 |
_aBa, El Hadji Makhtar _eauthor |
| 700 | 1 | 0 |
_aThiam, Mamadou Habib _eauthor |
| 700 | 1 | 0 |
_aSylla, Omar _eauthor |
| 245 | 0 | 0 | _aAnalyse d’aspects psychosociaux de la résistance thérapeutique d’un schizophrène |
| 260 | _c2011. | ||
| 500 | _a18 | ||
| 520 | _aLes auteurs ont tenté dans ce travail, d’apporter un éclairage socio-familial à une schizophrénie résistante. Il s’agit d’un mauritanien de 22ans, suivi en ambulatoire en Mauritanie. L’exacerbation des troubles a justifié son hospitalisation au Sénégal, par sa famille soucieuse d’échapper à la stigmatisation. Cette admission a duré deux mois sans rémission clinique après une intolérance aux neuroleptiques classiques de forme injectable. Les efforts d’adaptation du patient imposés par le contexte migratoire dans ce milieu nouveau, semblent avoir été compromis par une perception de la réalité déjà altérée par la maladie. Le retour à domicile et une réorganisation du schéma de fonctionnement familial ont engendré une sédation des symptômes en 15 jours. Sous cet angle, l’agitation persistante en cours d’hospitalisation a pu constituer une réponse partielle du patient à une distribution dysfonctionnelle des rôles parentaux. | ||
| 520 | _aThe authors have attempted in this work to shed light on family socio-résistant schizophrenia. This is a Mauritanian 22years, followed by outpatient Mauritania. The exacerbation of disorders justified his hospital in Senegal, his family anxious to escape the stigma. This admission has lasted two months in clinical remission. Adaptation efforts imposed by the context of migration in this new environment appear to have been compromised by a perception of reality already affected by the disease. The return home and a reorganization of the scheme of family functioning have produced symptoms of sedation in 15 days. From this perspective, the ongoing turmoil during hospitalization could be a response to a dysfunctional distribution of parental roles. | ||
| 690 | _aAfrique | ||
| 690 | _aFamille | ||
| 690 | _aInstitution psychiatrique | ||
| 690 | _aRésistance thérapeutique | ||
| 690 | _aSchizophrénie | ||
| 690 | _aAfrica | ||
| 690 | _aFamily therapy | ||
| 690 | _aPsychiatrie Institution | ||
| 690 | _aRésistance | ||
| 690 | _aSchizophrenia | ||
| 786 | 0 | _nPsy Cause | 59 | 1 | 2011-01-11 | p. 26-29 | 1245-2394 | |
| 856 | 4 | 1 | _uhttps://shs.cairn.info/revue-psy-cause-2011-1-page-26?lang=fr&redirect-ssocas=7080 |
| 999 |
_c1866693 _d1866693 |
||